000
00309 a2200109 4500
001
ART_8062
005
20260410161639.0
008
260409a
245
1
0
_a
De las facturas apócrifas
100
1
_a
Bechara, Fabián
773
0
_t
Consultor tributario
_g
- Vol. 3, Nº 25 (mar. 2009)
_w
REV474
999
_c
13166
_d
13166